Town and country planning (Record no. 69615)

MARC details
000 -LEADER
fixed length control field 01196cam a2200229 4500
001 - CONTROL NUMBER
control field WB3808-24
008 - FIXED-LENGTH DATA ELEMENTS--GENERAL INFORMATION
fixed length control field 020227n2002 000 0 eng u
035 ## - SYSTEM CONTROL NUMBER
System control number (Sirsi) u116878
245 ## - TITLE STATEMENT
Title Town and country planning
260 ## - PUBLICATION, DISTRIBUTION, ETC.
Date of publication, distribution, etc. 2002
490 ## - SERIES STATEMENT
Series statement Estates Gazette
Volume/sequential designation [2002] 08 EG 162 (CS) (23/2/02)
520 ## - SUMMARY, ETC.
Summary, etc. "R (on the application of Hammerson UK Properties plc) v SOS Transport", QBD 11 February 2002, where the claimant (H) challenged the SOS's decision to refuse an extension to Brent Cross shopping centre on the grounds that it did not comply with PPG6. H claimed that SOS had not taken into account RPG3 which supported Brent Cross as a regional shopping centre and meant that the site should be treated as a preferred area for development. H's claim for a judicial review was dismissed.
590 ## - LOCAL NOTE (RLIN)
Local note WB
650 ## - SUBJECT ADDED ENTRY--TOPICAL TERM
Topical term or geographic name entry element R (ON THE APPLICATION OF HAMMERSON UK PROPERTIES PLC) V SOS TRANSPORT
650 ## - SUBJECT ADDED ENTRY--TOPICAL TERM
Topical term or geographic name entry element PLANNING POLICY GUIDANCE NOTE SIX
650 ## - SUBJECT ADDED ENTRY--TOPICAL TERM
Topical term or geographic name entry element RPG3
650 ## - SUBJECT ADDED ENTRY--TOPICAL TERM
Topical term or geographic name entry element BRENT CROSS
650 ## - SUBJECT ADDED ENTRY--TOPICAL TERM
Topical term or geographic name entry element TOWN AND COUNTRY PLANNING ACT 1990
650 ## - SUBJECT ADDED ENTRY--TOPICAL TERM
Topical term or geographic name entry element TOWN AND COUNTRY PLANNING (INQUIRY PROCEDURES) (ENGLAND) RULES 2000
690 ## - LOCAL SUBJECT ADDED ENTRY--TOPICAL TERM (OCLC, RLIN)
Topical term or geographic name as entry element Planning and development
9 (RLIN) 6259
942 ## - ADDED ENTRY ELEMENTS (KOHA)
Suppress in OPAC 0
Holdings
Withdrawn status Lost status Source of classification or shelving scheme Damaged status Not for loan Home library Current library Shelving location Date acquired Total Checkouts Full call number Barcode Date last seen Copy number Price effective from Koha item type
    Dewey Decimal Classification     London London News article 27/02/2002   WB3808-24 116878-1001 06/08/2019 1 06/08/2019 News article